000
00269nam a2200097 a 4500
005
20200930074113.0
008
111025s2004 000 spa d
245
0
_a
Fenomenología de la conciencia del tiempo inmanente.
260
_a
Buenos Aires,
_c
s. f.
999
_c
34589
_d
34589
040
_a
DO-SdBNP